| 000 | 00489nam a2200169 4500 | ||
|---|---|---|---|
| 001 | 123060 | ||
| 003 | ES-MaACL | ||
| 005 | 20230906192113.0 | ||
| 007 | t| | ||
| 008 | 070214s1976 sp r ||||0| spa d | ||
| 100 | 1 |
_aPynchon, Thomas. _994464 |
|
| 245 | 1 | 3 |
_aLa subasta del lote 49 / _cThomas Pynchon ; traducción de Verónica Head. |
| 260 |
_aMadrid : _bFundamentos, _c1976. |
||
| 300 |
_a201 p ; _c21 cm. |
||
| 700 | 1 |
_aHead, Verónica. _962234 |
|
| 852 |
_aES-MaACL _jA-7613 _bR.96383 |
||
| 999 |
_c123060 _d123060 |
||